01099nac a22002531u 4500010001600000020002200016082001900038090001500057100003400072245013100106260013000237300003400367500007000401500002600471504005100497511002600548651003800574700002200612700001900634710004900653942002100702999001500723952010700738 a 97050081 a0876092091 (pbk.)00a382.30973bFEK c5315d5315 a20080729 00aTrade strategies for a new era :bensuring U.S. leadership in a global economy /cedited by Geza Feketekuty with Bruce Stokes. aNew York, NY :bCouncil on Foreign Relations ;a[Washington, D.C.] :bDistributed by Brookings Institution Press,1998cc1998. axii, 391 p. :bill. ;c23 cm. a"Published with the Monterey Institute of International Studies." adistributer: Al-Ahram aIncludes bibliographical references and index. acatalogued by: wessam 0aUnited StatesxCommercial policy.1 aFeketekuty, Geza.1 aStokes, Bruce.2 aMonterey Institute of International Studies. cBBk382.30973FEK c5315d5315 00104070aMAINbMAINc1STd2007-10-23ePurchasel0o382.30973FEKp000006687r2025-07-15 00:00:00yBB